[Event "7. LGA Premium Cup"]
[Site "Nürnberg"]
[Date "2010.09.04"]
[Round "4.20"]
[White "Fedorovsky, Michael"]
[Black "Heimrath, Reiner"]
[Result "1-0"]
[WhiteElo "2411"]
[BlackElo "2231"]
[PlyCount "97"]
[EventDate "2010.??.??"]
[WhiteTeam "SC Tarrasch 45 München"]
[BlackTeam "SC Noris-Tarrasch Nürnberg 1873"]

1. d4 g6 2. e4 Bg7 3. Nc3 d6 4. f4 c6 5. Nf3 b5 6. a3 a6 7. Be3 Nf6 8. Bd3 Nbd7
9. e5 Ng4 10. Bg1 Nb6 11. h3 Nh6 12. g4 Be6 13. Be3 Bc4 14. O-O Qd7 15. b3 Bxd3
16. Qxd3 Nd5 17. Nxd5 cxd5 18. Qd2 f5 19. exf6 exf6 20. f5 Nf7 21. Ne1 O-O 22.
Nd3 Ng5 23. Qg2 Qb7 24. fxg6 Rae8 25. gxh7+ Kxh7 26. Rae1 Re4 27. h4 Qc8 28.
Nf2 Rfe8 29. Nxe4 Rxe4 30. Bf4 Qc3 31. hxg5 Rxe1 32. Qh1+ Kg8 33. Qxd5+ Kh8 34.
g6 Rxf1+ 35. Kxf1 Qh3+ 36. Kf2 Bh6 37. Bxh6 Qh2+ 38. Ke1 Qg1+ 39. Kd2 Qh2+ 40.
Kd3 Qxh6 41. Qh5 Kg7 42. Qxh6+ Kxh6 43. c4 bxc4+ 44. bxc4 Kxg6 45. Ke4 Kg5 46.
c5 dxc5 47. dxc5 Kxg4 48. c6 f5+ 49. Kd3 1-0

[Event "7. LGA Premium Cup"]
[Site "Nürnberg"]
[Date "2010.09.04"]
[Round "4.22"]
[White "Espig, Lutz"]
[Black "Kahlert, Thomas"]
[Result "1/2-1/2"]
[WhiteElo "2365"]
[BlackElo "2221"]
[PlyCount "49"]
[EventDate "2010.??.??"]
[WhiteTeam "Schachklub König Plauen"]
[BlackTeam "SK Norderstedt von 1975"]

1. Nf3 Nf6 2. c4 g6 3. d4 Bg7 4. g3 O-O 5. Bg2 d5 6. O-O Nc6 7. cxd5 Nxd5 8.
Nc3 Nb6 9. e3 e5 10. d5 Ne7 11. e4 Bg4 12. a4 c6 13. a5 Nc4 14. Qa4 cxd5 15.
exd5 Bxf3 16. Bxf3 Nd6 17. Rd1 Nef5 18. Bg2 Rc8 19. Nb5 Nxb5 20. Qxb5 Nd6 21.
Qb3 a6 22. Bd2 Qd7 23. Rac1 Rxc1 24. Rxc1 Rc8 25. Rxc8+ 1/2-1/2

[Event "7. LGA Premium Cup"]
[Site "Nürnberg"]
[Date "2010.09.04"]
[Round "4.23"]
[White "Hirschberg, Valerian"]
[Black "Klundt, Klaus"]
[Result "1/2-1/2"]
[WhiteElo "2137"]
[BlackElo "2355"]
[PlyCount "75"]
[EventDate "2010.??.??"]
[WhiteTeam "SV Pfinztal e. V."]
[BlackTeam "SC Heusenstamm"]

1. Nf3 Nf6 2. c4 g6 3. g3 Bg7 4. Bg2 O-O 5. O-O d6 6. d4 Nc6 7. Nc3 a6 8. h3
Rb8 9. e4 b5 10. e5 dxe5 11. dxe5 Qxd1 12. Rxd1 Nd7 13. e6 fxe6 14. cxb5 axb5
15. Be3 Nb6 16. Ng5 Ne5 17. Bd4 b4 18. Ne2 h6 19. Ne4 Nd5 20. Nc5 Rb5 21. Rac1
Ra5 22. f4 Nf7 23. Bxg7 Kxg7 24. Nd4 Nd8 25. Ndxe6+ Nxe6 26. Rxd5 Rf5 27. Rxf5
gxf5 28. Nd3 Rxa2 29. Bd5 Ra5 30. Nxb4 Rb5 31. Bxe6 Bxe6 32. Nd3 Rd5 33. Rc3
Rd4 34. Kf2 Bd5 {(=)} 35. Ke3 Re4+ 36. Kd2 c6 37. Ne5 Rb4 38. Kc1 1/2-1/2

[Event "7. LGA Premium Cup"]
[Site "Nürnberg"]
[Date "2010.09.04"]
[Round "4.24"]
[White "Grimberg, Boris"]
[Black "Donchenko, Alexander"]
[Result "1-0"]
[WhiteElo "2355"]
[BlackElo "2204"]
[PlyCount "55"]
[EventDate "2010.??.??"]
[WhiteTeam "SAbt TSV Haunstetten"]
[BlackTeam "SK 1858 Gießen"]

1. e4 c5 2. Nf3 d6 3. d4 cxd4 4. Nxd4 Nf6 5. Nc3 a6 6. Bc4 e6 7. Bb3 Nc6 8. Be3
Qc7 9. Qe2 Na5 10. O-O Nxb3 11. cxb3 Be7 12. Rac1 Qb8 13. Bg5 Bd7 14. Kh1 O-O
15. f4 Re8 16. e5 dxe5 17. fxe5 Nd5 18. Bd2 Qa7 19. Qf2 Rf8 20. Nxd5 exd5 21.
Rc7 Bc5 22. Be3 Rad8 23. b4 Bxd4 24. Bxd4 Qb8 25. Rc3 Be6 26. Rg3 Rc8 27. Qf6
g6 28. Be3 1-0

[Event "7. LGA Premium Cup"]
[Site "Nürnberg"]
[Date "2010.09.04"]
[Round "4.25"]
[White "Lauterbach, Ingrid"]
[Black "Zwahr, Paul"]
[Result "0-1"]
[WhiteElo "2169"]
[BlackElo "2348"]
[PlyCount "52"]
[EventDate "2010.??.??"]
[WhiteTeam "Karlsruher SF 1853"]
[BlackTeam "SG Grün-Weiß Dresden"]

1. e4 c5 2. Nf3 e6 3. Qe2 Nc6 4. g3 g6 5. Bg2 Bg7 6. O-O Nge7 7. d3 O-O 8. c3
d6 9. Nbd2 Rb8 10. a4 a6 11. Rd1 b5 12. axb5 axb5 13. Nf1 e5 14. Be3 Qc7 15.
Qd2 Na5 16. Rab1 b4 17. Bh6 Be6 18. Bxg7 Kxg7 19. Ne3 Ba2 20. cxb4 Nb3 21. Qc3
Rxb4 22. Ra1 Nxa1 23. Rxa1 Be6 24. Nc2 Rb3 25. Qa5 Qxa5 26. Rxa5 Rxd3 0-1

[Event "7. LGA Premium Cup"]
[Site "Nürnberg"]
[Date "2010.09.04"]
[Round "4.26"]
[White "Levushkina, Elena"]
[Black "Nabavi, Parwis"]
[Result "1/2-1/2"]
[WhiteElo "2346"]
[BlackElo "2203"]
[PlyCount "189"]
[EventDate "2010.??.??"]
[WhiteTeam "SC Tarrasch 45 München"]
[BlackTeam "SGEM Dreisamtal"]

1. e4 e5 2. Nf3 Nc6 3. Bc4 Bc5 4. c3 Nf6 5. d3 d6 6. Bb3 h6 7. h3 a6 8. Nbd2
Ba7 9. Nf1 Nh5 10. g3 Nf6 11. Ne3 Be6 12. Qe2 Bxe3 13. Bxe3 Qd7 14. Bxe6 Qxe6
15. Nh4 Ne7 16. f4 g6 17. Qf2 exf4 18. gxf4 O-O-O {(=)} 19. O-O-O d5 20. f5
gxf5 21. exf5 Qc6 22. Bd4 Rhg8 23. Qe3 Rde8 24. Qxh6 Nd7 25. Qxc6 Nxc6 26. Bf2
Rh8 27. Rhg1 Re2 28. Bg3 Nde5 29. Rge1 Rxe1 30. Bxe1 Kd7 31. Kc2 Ke7 32. Bg3
Kf6 33. Rg1 Ne7 34. Rf1 Rh5 35. Re1 Nd7 36. Nf3 Nxf5 37. Bxc7 Rh8 38. h4 Rg8
39. Kd2 Rg4 40. Bd8+ Kg7 41. Re2 Rf4 42. Rg2+ Kf8 43. Ke2 f6 44. Rh2 Kg7 45.
Bc7 Rg4 46. Kf2 Nc5 47. Ke2 Na4 48. Ke1 Nc5 49. Kd2 Ne6 50. Bb8 Kh6 51. b3 Kh5
52. Re2 Nf4 53. Rf2 Rg2 54. Rxg2 Nxg2 55. c4 dxc4 56. bxc4 Ngxh4 57. Nh2 Kg6
58. Kc3 Kf7 59. d4 Ke7 60. d5 Ng6 61. Nf3 Nf8 62. Nd4 Nxd4 63. Kxd4 Kd8 64. c5
f5 65. Bg3 Ng6 66. Bf2 Kd7 67. Be1 Kc7 68. Bg3+ Kd7 69. a3 Ke7 70. Bh2 Kd7 71.
a4 Ke7 72. Kc4 Kd7 73. Kd4 Kc8 74. d6 Kd7 75. Kd5 Nh4 76. Bg3 Ng6 77. Bh2 Nh4
78. Bg1 Ng6 79. Be3 Nh8 80. Bf4 Ng6 81. Bc1 Nh8 82. Ba3 Nf7 83. Bb4 Nd8 84. Bd2
Nc6 85. Be1 Na7 86. Ke5 Nc8 87. Bg3 b6 88. Kd5 bxc5 89. Kxc5 a5 90. Bf4 Na7 91.
Kb6 Nc8+ 92. Kxa5 Nxd6 93. Kb6 Nc4+ 94. Kb5 Kc8 95. Kxc4 1/2-1/2

[Event "7. LGA Premium Cup"]
[Site "Nürnberg"]
[Date "2010.09.04"]
[Round "4.27"]
[White "Martin Fernandez, Rodrigo"]
[Black "Pribyl, Josef"]
[Result "0-1"]
[WhiteElo "2169"]
[BlackElo "2342"]
[PlyCount "94"]
[EventDate "2010.??.??"]
[WhiteTeam "SC Erlangen 48/88"]
[BlackTeam "Schachhaus Ludwigshafen"]

1. d4 Nf6 2. c4 g6 3. Nc3 d5 4. Bf4 Bg7 5. e3 c6 6. Nf3 O-O 7. h3 Be6 8. Qb3
Qb6 9. c5 Qxb3 10. axb3 Ne4 11. b4 Nd7 12. Nd2 Nxd2 13. Kxd2 a6 14. Bd3 f6 15.
g4 Bf7 16. Bg3 e5 17. Ne2 Rfe8 18. Rhe1 g5 19. Bf5 Nf8 20. f3 Ng6 21. Bxg6 Bxg6
22. Nc3 h5 23. Re2 Kf7 24. Rf1 hxg4 25. hxg4 exd4 26. exd4 Rxe2+ 27. Nxe2 Re8
28. Nc1 f5 29. gxf5 Bxf5 30. Nb3 Kg6 31. Re1 Rh8 32. Rg1 Bf6 33. Bd6 Rh3 34.
Bg3 g4 35. fxg4 Bxg4 36. Ke3 Kf5 37. Rf1+ Ke6 38. Kf4 Bh5 39. Re1+ Kf7 40. Rg1
Be2 41. Ke3 {(=)} Bg4 42. Kf4 Bc8 43. Ke3 Kg6 44. Nd2 Bg5+ 45. Ke2 Bg4+ 46. Nf3
Kf5 47. Kf2 Bxf3 0-1

[Event "7. LGA Premium Cup"]
[Site "Nürnberg"]
[Date "2010.09.04"]
[Round "4.28"]
[White "Arnold, Max"]
[Black "Hirn, Oskar"]
[Result "1/2-1/2"]
[WhiteElo "1950"]
[BlackElo "2246"]
[PlyCount "60"]
[EventDate "2010.??.??"]
[WhiteTeam "SF Pfalzgrafenweiler"]
[BlackTeam "SC Noris-Tarrasch Nürnberg 1873"]

1. e4 g6 2. d4 Bg7 3. Nc3 d6 4. Be2 Nc6 5. Be3 e5 6. dxe5 Nxe5 7. f4 Ng4 8. Bd4
N8f6 9. Bxg4 Bxg4 10. Bxf6 Qd7 11. Bxg7 Bxd1 12. Bxh8 Bxc2 13. Nge2 O-O-O 14.
Bf6 Re8 15. e5 dxe5 16. Bxe5 f6 17. Bxf6 Qc6 18. Be5 Qxg2 19. Kd2 Bf5 20. Rad1
Qf2 21. Kc1 b5 22. b4 a5 23. Rd2 axb4 24. Nd4 Qe3 25. Nxf5 gxf5 26. Nxb5 Qc5+
27. Rc2 Qxb5 28. Rxc7+ Kb8 29. Rc5+ Rxe5 30. Rxb5+ Rxb5 1/2-1/2

[Event "7. LGA Premium Cup"]
[Site "Nürnberg"]
[Date "2010.09.04"]
[Round "4.29"]
[White "Stein, Marco"]
[Black "Unzicker, Ferdinand"]
[Result "1/2-1/2"]
[WhiteElo "2156"]
[BlackElo "2330"]
[PlyCount "32"]
[EventDate "2010.??.??"]
[WhiteTeam "SV Alsfeld"]
[BlackTeam "FC Bayern München e.V."]

1. d4 d5 2. c4 e6 3. Nf3 a6 4. g3 dxc4 5. Bg2 c5 6. O-O Nc6 7. dxc5 Qxd1 8.
Rxd1 Bxc5 9. Nbd2 c3 10. bxc3 Nf6 11. Nb3 Be7 12. Nbd4 Bd7 13. Rb1 b5 14. Ne5
Nxd4 15. cxd4 Nd5 16. Bb2 Rc8 1/2-1/2

[Event "7. LGA Premium Cup"]
[Site "Nürnberg"]
[Date "2010.09.04"]
[Round "4.30"]
[White "Kersten, Uwe"]
[Black "Schütze, Norman"]
[Result "1/2-1/2"]
[WhiteElo "2325"]
[BlackElo "2181"]
[PlyCount "41"]
[EventDate "2010.??.??"]
[WhiteTeam "Kasseler SK 1876"]
[BlackTeam "SG 1871 Löberitz"]

1. c4 Nf6 2. Nc3 g6 3. e4 d6 4. d4 Bg7 5. f4 O-O 6. Nf3 Na6 7. Bd3 e5 8. fxe5
dxe5 9. d5 Nh5 10. O-O Qe8 11. Be3 f5 12. c5 Nf6 13. Kh1 Kh8 14. Qb3 b6 15. Ng5
Ng4 16. Bg1 Nxc5 17. Bxc5 bxc5 18. Bb5 Qe7 19. Ne6 Bxe6 20. dxe6 Rab8 21. Qd5
1/2-1/2

[Event "7. LGA Premium Cup"]
[Site "Nürnberg"]
[Date "2010.09.04"]
[Round "4.31"]
[White "Göbel, Constantin"]
[Black "Jahnel, Günther"]
[Result "0-1"]
[WhiteElo "2114"]
[BlackElo "2320"]
[PlyCount "90"]
[EventDate "2010.??.??"]
[WhiteTeam "TSV Schott Mainz"]
[BlackTeam "SC Hoyerswerda"]

1. e4 d6 2. d4 Nf6 3. Nc3 g6 4. Nf3 Bg7 5. h3 O-O 6. Be3 c6 7. a4 a5 8. Qd2 Na6
9. Be2 Nb4 10. O-O Qc7 11. Ne1 b6 12. Nd3 Ba6 13. Rac1 Rfd8 14. Rfe1 e5 15. Bf3
Bb7 16. Ne2 c5 17. d5 Nbxd5 18. exd5 e4 19. c4 exf3 20. gxf3 Qd7 21. Kg2 Qxa4
22. Bg5 Qd7 23. Ng3 Bc8 24. Qf4 Qxh3+ 25. Kg1 Bf5 26. Nxf5 Qxf5 27. Qxf5 gxf5
28. Re7 b5 29. Nf4 bxc4 30. Kh2 Kf8 31. Rc7 Rd7 32. Rc6 h6 33. Bh4 Ne8 34. Rxc4
Bxb2 35. Ra4 Be5 36. Bg3 Nf6 37. Kg2 Kg7 38. Bh4 Rb7 39. Nd3 Nxd5 40. f4 Bd4
41. Rxd6 Nc3 42. Rc4 Ne4 43. Rc6 Rb3 44. Nc1 Rb2 45. Nd3 Rd2 0-1

[Event "7. LGA Premium Cup"]
[Site "Nürnberg"]
[Date "2010.09.04"]
[Round "4.32"]
[White "Löw, Gerald"]
[Black "Huss, Rolf"]
[Result "1-0"]
[WhiteElo "2263"]
[BlackElo "2153"]
[PlyCount "65"]
[EventDate "2010.??.??"]
[WhiteTeam "TSV Bindlach Aktionär-Schachabte"]
[BlackTeam "SC Fulda"]

1. c4 g6 2. g3 Bg7 3. Bg2 d6 4. Nc3 c6 5. e4 e5 6. Nge2 Be6 7. d3 Qd7 8. Be3 h5
9. h4 Bh6 10. Qd2 Bxe3 11. Qxe3 Nh6 12. b3 c5 13. Nd5 Bxd5 14. cxd5 Na6 15. a3
Nc7 16. Bh3 Qd8 17. O-O Qe7 18. f4 f5 19. Rae1 Ng4 20. Bxg4 hxg4 21. fxe5 dxe5
22. exf5 Nxd5 23. Qe4 Nf6 24. Qa4+ Kf7 25. Qc4+ Kg7 26. Nf4 gxf5 27. Ne6+ Kg6
28. Rxe5 Qd6 29. Rfxf5 Rae8 30. Rg5+ Kh6 31. Qf4 Rxe6 32. Rxg4+ Kh7 33. Qf5+
1-0

[Event "7. LGA Premium Cup"]
[Site "Nürnberg"]
[Date "2010.09.04"]
[Round "4.33"]
[White "Heidrich, Manfred"]
[Black "Schönberger, Peter"]
[Result "1/2-1/2"]
[WhiteElo "2316"]
[BlackElo "2174"]
[PlyCount "88"]
[EventDate "2010.??.??"]
[WhiteTeam "SC Forchheim e.V."]
[BlackTeam "Caissa Schwarmstedt"]

1. e4 e5 2. Nf3 Nc6 3. d4 exd4 4. Nxd4 Bc5 5. Be3 Qf6 6. c3 Nge7 7. g3 d5 8.
Bg2 dxe4 9. Nd2 Bxd4 10. cxd4 Bf5 11. Nxe4 Qg6 12. Nc3 O-O 13. O-O Rad8 14. Qb3
b6 15. d5 Na5 16. Qb4 c5 17. dxc6 Naxc6 18. Qf4 Rd7 19. Rfd1 Rfd8 20. Rxd7 Rxd7
21. h3 h5 22. Rc1 Qe6 23. Qh4 Bg6 24. Qa4 Ne5 25. Rd1 Rxd1+ 26. Qxd1 Nc4 27.
Bc1 Ne5 28. b3 Nd3 29. Be3 Qe5 30. Qd2 Kh7 31. Ne2 Nd5 32. Bd4 Qe6 33. Nc1 N5b4
34. Nxd3 Nxd3 35. Qe3 Qxe3 36. Bxe3 Nb4 37. a4 Bc2 38. Bd2 Na6 39. Bd5 Kg6 40.
a5 Nc7 41. axb6 axb6 42. Bc4 b5 43. Bf1 Bxb3 44. Ba5 Nd5 1/2-1/2

[Event "7. LGA Premium Cup"]
[Site "Nürnberg"]
[Date "2010.09.04"]
[Round "4.34"]
[White "Herning, Jens"]
[Black "Seyb, Alexander"]
[Result "1/2-1/2"]
[WhiteElo "2151"]
[BlackElo "2294"]
[PlyCount "58"]
[EventDate "2010.??.??"]
[WhiteTeam "SG Büchenbach/Roth e.V."]
[BlackTeam "SC Forchheim e.V."]

1. d4 d5 2. c4 c6 3. Nf3 Nf6 4. Nc3 a6 5. e3 b5 6. b3 Bg4 7. Be2 e6 8. O-O Bd6
9. h3 Bf5 10. Bd3 Nbd7 11. Re1 Bb4 12. Qc2 Ne4 13. Bd2 Nxd2 14. Nxd2 Qa5 15.
Ndb1 bxc4 16. bxc4 Bxd3 17. Qxd3 Nb6 18. c5 Nc4 19. Re2 Rb8 20. Nd1 Ba3 21.
Nxa3 Qxa3 22. Qxa3 Nxa3 23. Rb2 Rxb2 24. Nxb2 Kd7 25. Na4 Nc4 26. Rb1 Kc7 27.
Rb3 f6 28. Nb2 Nxb2 29. Rxb2 Rb8 1/2-1/2

[Event "7. LGA Premium Cup"]
[Site "Nürnberg"]
[Date "2010.09.04"]
[Round "4.35"]
[White "Menacher, Manfred"]
[Black "Klek, Hanna-Marie"]
[Result "1-0"]
[WhiteElo "2290"]
[BlackElo "2169"]
[PlyCount "73"]
[EventDate "2010.??.??"]
[WhiteTeam "SK Kelheim 1920"]
[BlackTeam "SC Erlangen 48/88"]

1. Nf3 Nf6 2. c4 g6 3. g3 Bg7 4. Bg2 O-O 5. O-O d6 6. d4 c6 7. Nc3 Qb6 8. b3 e5
9. dxe5 dxe5 10. Bb2 e4 11. Ng5 e3 12. f4 Rd8 13. Qc1 Rd2 14. Nf3 Ne4 15. Na4
Qb4 16. Bxg7 Kxg7 17. Nxd2 Nxd2 18. Rd1 Qe7 19. Qc3+ Kg8 20. Qe5 Qxe5 21. fxe5
Nd7 22. e6 fxe6 23. Rac1 Nf6 24. Rc3 Ng4 25. h3 Nf2 26. Rdc1 e5 27. Rxe3 Nxh3+
28. Kh2 Nf2 29. Kg1 Nh3+ 30. Bxh3 Bxh3 31. Rxe5 Kf7 32. Kf2 Kf6 33. Re3 Kg5 34.
Rh1 Kg4 35. Ke1 Rd8 36. Nc5 g5 37. Nd3 1-0

[Event "7. LGA Premium Cup"]
[Site "Nürnberg"]
[Date "2010.09.04"]
[Round "4.36"]
[White "Afek, Yochanan"]
[Black "Melzner, Lukas"]
[Result "1-0"]
[WhiteElo "2269"]
[BlackElo "2159"]
[PlyCount "63"]
[EventDate "2010.??.??"]
[WhiteTeam "Hamburger SK von 1830 eV"]
[BlackTeam "SK Klosterlechfeld"]

1. e4 e6 2. d4 d5 3. e5 c5 4. c3 Nc6 5. Nf3 Qb6 6. a3 cxd4 7. cxd4 Nh6 8. Bd3
g6 9. Nc3 Nf5 10. Bxf5 gxf5 11. O-O Bd7 12. b4 Rc8 13. Qd3 a5 14. b5 Na7 15.
Rb1 Rc4 16. a4 Bb4 17. Ne2 Nc8 18. Ba3 Rg8 19. Rfc1 Bxa3 20. Qxa3 Rg4 21. h3
Re4 22. Rxc4 dxc4 23. Ng3 Rxd4 24. Nh5 Rd3 25. Nf6+ Kd8 26. Qf8+ Kc7 27. Rc1 c3
28. Ne1 Rd2 29. Rxc3+ Bc6 30. Qc5 Qxc5 31. Rxc5 Kb6 32. bxc6 1-0

[Event "7. LGA Premium Cup"]
[Site "Nürnberg"]
[Date "2010.09.04"]
[Round "4.37"]
[White "Hund, Gerhard"]
[Black "Schöneberg, Manfred"]
[Result "1/2-1/2"]
[WhiteElo "2119"]
[BlackElo "2263"]
[PlyCount "32"]
[EventDate "2010.??.??"]
[WhiteTeam "SK Mering"]
[BlackTeam "SV Lok Leipzig-Mitte"]

1. Nf3 c5 2. c3 d5 3. d4 e6 4. Bf4 Nc6 5. e3 Nf6 6. Nbd2 Be7 7. Bd3 Nh5 8. Be5
Nf6 9. O-O cxd4 10. exd4 Nxe5 11. Nxe5 Qb6 12. Qb3 Qxb3 13. axb3 Nd7 14. b4
Nxe5 15. dxe5 O-O 16. Nf3 f6 1/2-1/2

[Event "7. LGA Premium Cup"]
[Site "Nürnberg"]
[Date "2010.09.04"]
[Round "4.38"]
[White "Sobolevsky, Leonid"]
[Black "Lais, Thomas"]
[Result "0-1"]
[WhiteElo "2252"]
[BlackElo "1916"]
[PlyCount "73"]
[EventDate "2010.??.??"]
[WhiteTeam "Schachzirkel Elstertal Langenber"]
[BlackTeam "SW Nürnberg Süd e.V."]

1. e4 c5 2. Nf3 d6 3. d4 cxd4 4. Nxd4 Nf6 5. Nc3 a6 6. Bg5 e6 7. Qe2 h6 8. Bd2
Qc7 9. h4 b5 10. a3 Bb7 11. g4 Nc6 12. Nxc6 Qxc6 13. Bg2 O-O-O 14. O-O-O Kb8
15. Rh3 Rc8 16. Bf4 e5 17. Bh2 Be7 18. Rhd3 a5 19. f3 b4 20. Nb1 Ba6 21. Bf1
Qc7 22. axb4 axb4 23. Qf2 Bxd3 24. Rxd3 Qa7 25. Qd2 Rc7 26. Qxb4+ Rb7 27. Qd2
Qa2 28. b4 Qc4 29. Bxe5 Qxb4 30. Qxb4 Rxb4 31. Bg3 Nd7 32. Na3 Kb7 33. Nc4 Ra8
34. Ne3 Ra1+ 35. Kd2 Rbb1 36. Be2 Bd8 37. Nc4 0-1

[Event "7. LGA Premium Cup"]
[Site "Nürnberg"]
[Date "2010.09.04"]
[Round "4.39"]
[White "Nuber, Blasius"]
[Black "Siegl, Pascal"]
[Result "1-0"]
[WhiteElo "2243"]
[BlackElo "1643"]
[PlyCount "67"]
[EventDate "2010.??.??"]
[WhiteTeam "SC Dillingen"]
[BlackTeam "SW Nürnberg Süd e.V."]

1. e4 e5 2. Nf3 Nc6 3. d4 exd4 4. Nxd4 Qf6 5. Be3 Bc5 6. c3 Nge7 7. Bc4 O-O 8.
O-O Rd8 9. Nb5 d5 10. Bxd5 Nxd5 11. exd5 Bxe3 12. fxe3 Qe7 13. Kh1 a6 14. N5a3
Ne5 15. e4 Ng4 16. Qf3 Rd6 17. Nd2 Rf6 18. Qe2 Qe5 19. g3 Rh6 20. Nf3 Qxg3 21.
Rae1 Bd7 22. Qd2 Rh3 23. Re2 Ne5 {(=)} 24. Ng5 Rh5 25. Rg2 Qh4 26. Qf4 f6 27.
Ne6 Bxe6 28. dxe6 Kh8 29. Nc2 Qxf4 30. Rxf4 Nd3 31. Rf5 Rh4 32. Rd2 Ne5 33.
Rxe5 fxe5 34. e7 1-0

[Event "7. LGA Premium Cup"]
[Site "Nürnberg"]
[Date "2010.09.04"]
[Round "4.40"]
[White "Miller, Eduard"]
[Black "Henrichs, Thomas"]
[Result "0-1"]
[WhiteElo "2110"]
[BlackElo "2507"]
[PlyCount "72"]
[EventDate "2010.??.??"]
[WhiteTeam "SC Forchheim e.V."]
[BlackTeam "Schachclub Hansa Dortmund e.V."]

1. e4 c5 2. Nf3 d6 3. d4 cxd4 4. Nxd4 Nf6 5. Nc3 a6 6. Bc4 e6 7. Bb3 Nbd7 8.
O-O Nc5 9. f4 Ncxe4 10. Nxe4 Nxe4 11. f5 e5 12. Qh5 d5 13. Re1 Bc5 14. Rxe4
Bxd4+ 15. Be3 O-O 16. Rxd4 exd4 17. Bxd4 Qd6 18. f6 Qf4 19. c3 g6 20. Qxd5 Be6
21. Qxb7 Rab8 22. Qxa6 Bxb3 23. axb3 Rxb3 24. Qe2 h5 25. Rf1 Qg4 26. Qxg4 hxg4
27. Rf2 Rfb8 28. c4 R3b4 29. Rc2 Rc8 30. b3 Rxb3 31. c5 Rd3 32. Bb2 Rc6 33. Kf2
Rd5 34. Ba3 Rxf6+ 35. Ke3 Re6+ 36. Kf4 Rf5+ 0-1

[Event "7. LGA Premium Cup"]
[Site "Nürnberg"]
[Date "2010.09.04"]
[Round "4.41"]
[White "Lange, Carsten"]
[Black "Maiwald, Jens-Uwe"]
[Result "0-1"]
[WhiteElo "2062"]
[BlackElo "2483"]
[PlyCount "74"]
[EventDate "2010.??.??"]
[WhiteTeam "SK Zirndorf e.V."]
[BlackTeam "USV TU Dresden"]

1. Nf3 g6 2. c4 Bg7 3. g3 c5 4. Bg2 Nc6 5. O-O e5 6. Nc3 Nge7 7. d3 d6 8. Bg5
f6 9. Bd2 Rb8 10. a3 a6 11. Rb1 b5 12. cxb5 axb5 13. b4 cxb4 14. axb4 O-O 15.
Qb3+ Kh8 16. Rbc1 Bg4 17. e3 Qd7 18. Ne4 Be6 19. Qb2 f5 20. Nc3 h6 21. Rfd1 g5
22. Be1 Bf7 23. Qb1 Bh5 24. Ne2 Nd8 25. Bc3 Ng6 26. Qb2 f4 27. exf4 gxf4 28.
gxf4 Nxf4 29. Nxf4 Rxf4 30. Ne1 Bxd1 31. Rxd1 Ne6 32. Bd5 Ng5 33. Rd2 Rc8 34.
Ng2 Nf3+ 35. Bxf3 Rxf3 36. Ne3 Qh3 37. d4 Rxe3 0-1

[Event "7. LGA Premium Cup"]
[Site "Nürnberg"]
[Date "2010.09.04"]
[Round "4.42"]
[White "Khanukov, Boris"]
[Black "Schupp, Uwe"]
[Result "1-0"]
[WhiteElo "2361"]
[BlackElo "2133"]
[PlyCount "125"]
[EventDate "2010.??.??"]
[WhiteTeam "Stift. Bahn-Sozialwerk Schachgr."]
[BlackTeam "SC Bad Nauheim"]

1. d4 d6 2. Nf3 Nf6 3. c4 Nbd7 4. Nc3 e5 5. e4 Be7 6. Be2 O-O 7. O-O c6 8. Re1
a6 9. Bf1 b5 10. cxb5 cxb5 11. d5 Nb6 12. h3 Bd7 13. b3 Rc8 14. Bd2 Rc7 15. Bd3
Qc8 16. Ne2 Nxe4 17. Bxe4 f5 18. Bb1 e4 19. Nfd4 Bf6 20. Ba5 Qb7 21. a4 Rfc8
22. Ra2 Rc5 23. axb5 axb5 24. Bxb6 Qxb6 25. Ne6 Bxe6 26. dxe6 Bh4 27. Qd4 Bf6
28. Qe3 d5 29. Rc2 Qa5 30. Rxc5 Qxe1+ 31. Kh2 Rd8 32. Rc1 Qb4 33. Qc5 Qxc5 34.
Rxc5 d4 35. Nf4 d3 36. Nd5 d2 37. Bc2 Be5+ 38. g3 Re8 39. Rc6 h5 40. Kg2 g5 41.
Bd1 f4 42. f3 g4 43. hxg4 hxg4 44. gxf4 gxf3+ 45. Kg3 Bd4 46. Rd6 f2 47. Kg2
Kh8 48. Ne7 Bc5 49. Ng6+ Kg7 50. Rd5 Bb6 51. f5 Rc8 52. Rxd2 e3 53. Rd6 Rc1 54.
Kf1 Bc5 55. Rd5 Kf6 56. Nf4 b4 57. Ke2 Ra1 58. Nh5+ Ke7 59. Ng3 Ra2+ 60. Kf1
Bd6 61. Ne4 Bf4 62. Rd7+ Ke8 63. f6 1-0

[Event "7. LGA Premium Cup"]
[Site "Nürnberg"]
[Date "2010.09.04"]
[Round "4.43"]
[White "Wagner, Florian"]
[Black "Zier, Oliver"]
[Result "1/2-1/2"]
[WhiteElo "2306"]
[BlackElo "2139"]
[PlyCount "63"]
[EventDate "2010.??.??"]
[WhiteTeam "SC Noris-Tarrasch Nürnberg 1873"]
[BlackTeam "TSV Bindlach Aktionär-Schachabte"]

1. g3 d5 2. Bg2 Nf6 3. Nf3 c6 4. O-O Bg4 5. d3 Nbd7 6. Qe1 e5 7. e4 dxe4 8.
dxe4 Bc5 9. b4 Bb6 10. Bb2 Qe7 11. Na3 a5 12. Nc4 Bxf3 13. Bxf3 axb4 14. a3 O-O
15. axb4 Bc7 16. Ne3 b5 {(=)} 17. c4 bxc4 18. Nxc4 Rxa1 19. Qxa1 Qxb4 20. Rc1
Re8 21. Qa6 Qb5 22. Qxb5 cxb5 23. Na3 Bb6 24. Nxb5 Nc5 25. Nd6 Rd8 26. Nc4 Nd3
{(=)} 27. Nxb6 Nxb2 28. Rc5 Nd3 29. Ra5 g6 30. Be2 Nxe4 31. Bxd3 Rxd3 32. Rxe5
1/2-1/2

[Event "7. LGA Premium Cup"]
[Site "Nürnberg"]
[Date "2010.09.04"]
[Round "4.44"]
[White "Redzepovic, Irfan"]
[Black "Scheremet, Michael"]
[Result "1-0"]
[WhiteElo "2102"]
[BlackElo "2266"]
[PlyCount "97"]
[EventDate "2010.??.??"]
[WhiteTeam "SW Nürnberg Süd e.V."]
[BlackTeam "SC Noris-Tarrasch Nürnberg 1873"]

1. d4 d5 2. c4 c6 3. Nf3 Nf6 4. e3 Bf5 5. cxd5 cxd5 6. Nc3 e6 7. Qb3 Qb6 8.
Bb5+ Nc6 9. Ne5 Rc8 10. Bd2 Bd6 11. Rc1 Bxe5 12. dxe5 Nd7 13. Na4 Qd8 14. f4
O-O 15. O-O f6 16. Be2 Rc7 17. g4 Bg6 18. f5 Bf7 19. exf6 Nxf6 20. fxe6 Bxe6
21. Nc5 Qd6 22. Qa4 b5 23. Qf4 Qxf4 24. Rxf4 Bc8 25. g5 Ne4 26. Nxe4 dxe4 27.
Bxb5 Rxf4 28. exf4 Bb7 29. Be3 a6 30. Bc4+ Kf8 31. Bd5 Rc8 32. f5 Nd8 33. Rxc8
Bxc8 34. Bxe4 Nf7 35. h4 h6 36. Bf4 Ke7 37. Kf2 hxg5 38. hxg5 Nd6 39. Bxd6+
Kxd6 40. Kf3 Ke5 41. Bd3 a5 42. a3 Bd7 43. b4 Kd4 44. f6 gxf6 45. gxf6 Be8 46.
Kf4 axb4 47. axb4 Kxd3 48. b5 Kd4 49. b6 1-0

[Event "7. LGA Premium Cup"]
[Site "Nürnberg"]
[Date "2010.09.04"]
[Round "4.45"]
[White "Troyke, Doreen"]
[Black "Liepold, Stefan"]
[Result "0-1"]
[WhiteElo "2078"]
[BlackElo "2240"]
[PlyCount "74"]
[EventDate "2010.??.??"]
[WhiteTeam "Erfurter Schachklub"]
[BlackTeam "SC Erlangen 48/88"]

1. g3 e5 2. Bg2 Nc6 3. c4 g6 4. Nc3 d6 5. e3 Bg7 6. Nge2 h5 7. d4 h4 8. d5 Nce7
9. e4 f5 10. f4 Nf6 11. Qb3 fxe4 12. fxe5 dxe5 13. Nxe4 h3 14. Bf3 Nxe4 15.
Bxe4 Bf5 16. Nc3 O-O 17. Bg5 Bf6 18. Bxf6 Rxf6 19. O-O Qd6 20. Bxf5 Qc5+ 21.
Kh1 Rxf5 22. Ne4 Qd4 23. Qc2 Raf8 24. Rfe1 b5 25. Rad1 Qe3 26. Nd2 Qf2 27. Rg1
Qc5 28. Ne4 Qxc4 29. Qxc4 bxc4 30. d6 cxd6 31. Rxd6 Rb8 32. Rb1 Rxb2 33. Rc1
Re2 34. Rd8+ Kg7 35. g4 Rf7 36. Nc3 Rc2 37. Rdd1 Rff2 0-1

[Event "7. LGA Premium Cup"]
[Site "Nürnberg"]
[Date "2010.09.04"]
[Round "4.46"]
[White "Stein, Tobias"]
[Black "Reis, Gerhard"]
[Result "0-1"]
[WhiteElo "2036"]
[BlackElo "2225"]
[PlyCount "54"]
[EventDate "2010.??.??"]
[WhiteTeam "SV Alsfeld"]
[BlackTeam "SK Zirndorf e.V."]

1. e4 c5 2. c3 e6 3. d4 d5 4. e5 Nc6 5. Nf3 Qb6 6. a3 Nh6 7. b4 cxd4 8. cxd4
Nf5 9. Be3 Bd7 10. Bd3 Nxe3 11. fxe3 g6 12. O-O Bh6 13. Qe1 O-O 14. Nc3 f6 15.
b5 Ne7 16. exf6 Rxf6 17. Ne5 Rxf1+ 18. Kxf1 Rf8+ 19. Kg1 Be8 20. g4 Bg7 21. Qg3
Qa5 22. Ne2 Bxb5 23. Bxb5 Qxb5 24. Nf4 Bxe5 25. dxe5 Qb2 26. Re1 Qxe5 27. h4 d4
0-1